The MBA handbook: skills for mastering management. -- 5th ed. (Record no. 82786)

MARC details
000 -LEADER
fixed length control field 00936nam a2200205 a 4500
008 - FIXED-LENGTH DATA ELEMENTS--GENERAL INFORMATION
fixed length control field 081212s2005 ||||||||||||||||| || u
020 ## - INTERNATIONAL STANDARD BOOK NUMBER
International Standard Book Number 0273684671
050 ## - LIBRARY OF CONGRESS CALL NUMBER
Classification number HF 1111 Cam
100 ## - MAIN ENTRY--PERSONAL NAME
Personal name Cameron, Sheila
245 14 - TITLE STATEMENT
Title The MBA handbook: skills for mastering management. -- 5th ed.
Statement of responsibility, etc. Sheila Cameron
260 ## - PUBLICATION, DISTRIBUTION, ETC.
Place of publication, distribution, etc. Harlow, Essex
Name of publisher, distributor, etc. FT Prentice Hall
Date of publication, distribution, etc. 2005
300 ## - PHYSICAL DESCRIPTION
Extent xiii, 414p.: ill.
350 ## -
-- 0.00
650 ## - SUBJECT ADDED ENTRY--TOPICAL TERM
Topical term or geographic name entry element MASTER OF BUSINESS ADMINISTRATION DEGREE
650 ## - SUBJECT ADDED ENTRY--TOPICAL TERM
Topical term or geographic name entry element BUSINESS EDUCATION
650 ## - SUBJECT ADDED ENTRY--TOPICAL TERM
Topical term or geographic name entry element INDUSTRIAL MANAGEMENT--STUDY AND TEACHING (GRADUATE)
650 #0 - SUBJECT ADDED ENTRY--TOPICAL TERM
Topical term or geographic name entry element BUSINESS
995 ## -
-- MAIN LIBRARY OPEN ACCESS
-- 0.00
-- 739344
-- CBU-MAIN LIBRARY (Kitwe)
-- 1
-- 0.00
-- HF 1111 Cam
-- 2
-- AVAILABLE
-- Jan 27, 2009
-- 739344
-- Main Library Open Access Collection
995 ## -
-- MAIN LIBRARY OPEN ACCESS
-- 0.00
-- 739047
-- CBU-MAIN LIBRARY (Kitwe)
-- 1
-- 0.00
-- HF 1111 Cam
-- 1
-- AVAILABLE
-- Jan 27, 2009
-- 739047
-- Main Library Open Access Collection
999 ## -
-- 82786
-- 82786
Holdings
Withdrawn status Lost status Source of classification or shelving scheme Damaged status Not for loan Permanent Location Current Location Shelving location Date acquired Total Checkouts Full call number Barcode Date last seen Copy number Price effective from Koha item type
          CBU-MAIN LIBRARY, KITWE. CBU-MAIN LIBRARY, KITWE.   09/29/2023   HF 1111 Cam 739344 09/29/2023 1 09/29/2023 MONOGRAPH
          CBU-MAIN LIBRARY, KITWE. CBU-MAIN LIBRARY, KITWE.   09/29/2023   HF 1111 Cam 739047 09/29/2023 2 09/29/2023 MONOGRAPH